| 000 | 00396nam a2200145 a 4500 | ||
|---|---|---|---|
| 001 | 829 | ||
| 003 | CDMR | ||
| 005 | 20131003133235.0 | ||
| 008 | 130130s1965||||||||||||||||||||||||||||d | ||
| 040 |
_aCDMR _bcat _cCDMR |
||
| 100 | 1 |
_aRemírez Muneta, Jesús _9651 |
|
| 245 | 1 | 3 |
_aEl Concilio Vaticano II, la radio y la televisión _cJesús Remirez Muneta |
| 260 |
_aMadrid _c1965 _bStudium |
||
| 942 |
_cMON _2udc |
||
| 999 |
_c829 _d829 |
||